000 01187cam a2200217 4500
001 X122391
008 030523n2003 000 0 eng u
035 _a(Sirsi) u122391
100 _aBrooke-Smith, L.
245 4 _aThe Planning and Compulsory Purchase Bill : what could it mean for the private sector?
260 _c2003
490 _aRICS West Midlands News
_v29 April 2003 (2)
520 _aExpresses concern that whilst the changes to the planning system outlined in the Planning and Compulsory Purchase Bill may be welcomed by the public sector, they may prove less popular with the private sector. Highlights the arguments for and against the key features of the Bill as they will affect the development control process, regional planning and compulsory purchase. The author, an RICS spokesperson on planning matters, concludes that the Bill is unlikely to reduce red tape as promised in the Planning Green Paper.
650 _aCompulsory purchase
_96228
650 _aDEVELOPMENT CONTROL
650 _aLOCAL DEVELOPMENT PLANS
650 _aPLANNING AND COMPULSORY PURCHASE ACT 2004
650 _aPLANNING GREEN PAPER
690 _aPLANNING-PLANNING LAW
942 _n0
999 _c72747
_d72747